Innovation Capital (Record no. 350648)

MARC details
000 -LEADER
fixed length control field 00543nam a2200169Ia 4500
008 - FIXED-LENGTH DATA ELEMENTS--GENERAL INFORMATION
fixed length control field 230718s9999 xx 000 0 und d
020 ## - INTERNATIONAL STANDARD BOOK NUMBER
International Standard Book Number 9781633696525
041 ## - LANGUAGE CODE
Language code of text/sound track or separate title eng
082 ## - DEWEY DECIMAL CLASSIFICATION NUMBER
Classification number 658.4'2
Item number DYE
100 ## - MAIN ENTRY--PERSONAL NAME
Personal name Dyer J.
9 (RLIN) 194693
245 ## - TITLE STATEMENT
Title Innovation Capital
Remainder of title How To Compete And Win Like The World's Most Innovative Leaders
260 ## - PUBLICATION, DISTRIBUTION, ETC. (IMPRINT)
Date of publication, distribution, etc. 2019
Name of publisher, distributor, etc. Harvard Business Review Press
300 ## - PHYSICAL DESCRIPTION
Extent 264
365 ## - TRADE PRICE
Currency code Rs.
Price amount 1250.00
700 ## - ADDED ENTRY--PERSONAL NAME
Personal name Dyer J.; Furr N. & Lefrandt C.
9 (RLIN) 201848
906 ## - LOCAL DATA ELEMENT F, LDF (RLIN)
d O:0677027-Nov-2019B:552506-Nov-2019
c GENRL
b 312.5
Holdings
Withdrawn status Lost status Damaged status Not for loan Home library Current library Date acquired Vendor Budget Code Cost, normal purchase price Bill number Total Checkouts Full call number Barcode Date last seen Discount Cost, replacement price Bill Date Koha item type Original Barcode
        Cummins College of Engineering for Women Pune Cummins College of Engineering for Women Pune 27/11/2019 Technical Book Services GENRL 937.50 5525   658.4'2 CCEP-BK-61855 18/07/2023 312.5 1250.00 06/11/2019 Books 061855